01321 2200205 4500001002100000005001500021035002000036008004100056245003900097100002000136250000600156260003800162300001200200084001400212082000800226650001000234520084700244990001201091990001201103INLIS00000000000096120240531075739 a0010-0524000196240531 1 ind 1 aAmor Untuk Morin /cRicha Miskiyya aMiskiyya, Richa a1 aYogyakarta :bSheila/ Andi,c2014 a184 hlm a813 RIC a a813 4aFiksi aDunia remaja adalah dunia dengan sejuta rasa, merasakan pertama kalinya jatuh cinta, merasakan menjadi seorang secret admirer, hingga merasakan bagaimana sakitnya patah hati yang pertama. Namun, dunia remaja tak melulu tentang cinta, tetapi juga tentang persahabatan, keluarga, juga kepedulian sosial. Banyak cerita yang menarik di dalamnya, yaitu Morin yang harus merasakan gegap gempita serta lika-liku kehidupan di panggung hiburan dalam Amor untuk Morin , Mona yang harus berbohong demi mengejar cintanya dalam Bike to Love , hingga kisah tentang Aku, Alana, dan Bangau Kertas yang bercerita tentang Alana yang harus merasakan pedihnya dikucilkan karena ayahnya seorang koruptor. Seperti sebuah lagu yang tercipta dari berbagai nada yang berbeda, dunia remaja adalah dunia yang menjadi indah karena banyak nada berbeda di dalamnya. a0741676 a0741677